Tác phẩm của Haruki Murakami ở Việt Nam : Nhìn từ phương diện dịch thuật và nghiên cứu /

Đã lưu trong:
书目详细资料
主要作者: Hà Văn Lưỡng.
格式: Bài viết
语言:Vietnamese
主题:
标签: 添加标签
没有标签, 成为第一个标记此记录!
Thư viện lưu trữ: Thư viện Trường Đại học Đà Lạt
LEADER 00815nam a2200265 4500
001 DLU120143009
005 ##20121025
040 # # |a DLU  |b vie 
041 # # |a vie 
044 # # |a vn 
100 # # |a Hà Văn Lưỡng. 
245 # # |a Tác phẩm của Haruki Murakami ở Việt Nam :  |b Nhìn từ phương diện dịch thuật và nghiên cứu /  |c Hà Văn Lưỡng. 
653 # # |a Dịch thuật 
653 # # |a Nguyên bản 
653 # # |a Văn học Nhật Bản 
773 # # |t Nghiên cứu văn học  |g Số 4(482), 2012, tr. 87-96 
920 # # |a Phòng Tạp chí -- Trung tâm Thông tin - Thư viện Trường Đại học Đà Lạt 
994 # # |a DLU 
900 # # |a True 
911 # # |a Nguyễn Thị Linh Chi 
925 # # |a G 
926 # # |a A 
927 # # |a BB 
980 # # |a Thư viện Trường Đại học Đà Lạt